000 00416nam a2200181Ia 4500
003 IT-RoPAU
005 20220918175250.0
008 120407s9999 xx 000 0 und d
040 _aIT-RoPAU
040 _cIT-RoPAU
100 _aAdrien Dansette
_932768
245 _aDestino del cattolicesimo francese 1926-1956
250 _aRoma
260 _aRoma
_b5 Lune
300 _c cm
490 _v1
942 _cBK
_2ddc
999 _c494
_d494